Palabras de aliento
Descripción Física:
[1] f. ; 22 cm
MARC
| LEADER | 00000nam a2200000Ia 4500 | ||
|---|---|---|---|
| 001 | 19379 | ||
| 008 | 160829s1911 xx 000 0 cat d | ||
| 080 | |a 3402, exp. 1 | ||
| 245 | |a Palabras de aliento | ||
| 260 | |a Barcelona : |b Imp. P. Sanmartí, |c 1911 | ||
| 300 | |a [1] f. ; |c 22 cm | ||
| 590 | |a Carta impresa del bisbe de Barcelona Juan J. al director del Patronat Ramón Balcells | ||
| 650 | |a Patronat Social Escolar d'Obreres de Poblet |x Documents i correspondència |9 48387 | ||
| 901 | |a Arxiu | ||
| 942 | |n 1 | ||
| 952 | |0 0 |1 0 |4 0 |6 3402_EXP_1 |7 1 |9 54508 |a Arxiu |b Arxiu |d 2016-12-01 |l 0 |o 3402, exp. 1 |p 19379 |r 2016-12-01 00:00:00 |w 2016-12-01 |y ARXIU | ||
| 999 | |c 58377 |d 58377 | ||